Podpora konkurencieschopnosti MSP formou projektov financovaných zo štrukturálnych fondov a ŠR SR na spolufinancovanie diplomová práca

Guardado en:
Detalles Bibliográficos
Autor principal: Paceková, Júlia
Autor Corporativo: Ekonomická univerzita v Bratislave. Fakulta podnikového manažmentu
Otros Autores: Rybárová, Daniela, 1967-
Formato: Libro
Lenguaje:eslovaco
Publicado: Bratislava 2010
Etiquetas: Agregar Etiqueta
Sin Etiquetas, Sea el primero en etiquetar este registro!

MARC

LEADER 00000nam a2200000 4500
001 0122581
005 20240318123121.9
041 0 |a slo 
044 |a SK 
245 1 0 |a Podpora konkurencieschopnosti MSP formou projektov financovaných zo štrukturálnych fondov a ŠR SR na spolufinancovanie  |b diplomová práca  |c Júlia Paceková ; škol. Daniela Rybárová 
264 1 |a Bratislava  |c 2010 
300 |a 88 s. 
100 1 |a Paceková, Júlia 
700 1 |a Rybárová, Daniela, 1967- 
710 2 |a Ekonomická univerzita v Bratislave. Fakulta podnikového manažmentu